LEADER 01006nam0-2200325---450- 001 990009269150403321 005 20101025104543.0 010 $a0-313-26177-6 035 $a000926915 035 $aFED01000926915 035 $a(Aleph)000926915FED01 035 $a000926915 100 $a20101025d1988----km-y0itay50------ba 101 0 $aeng 102 $aUS 105 $a--------001yy 200 1 $aVoluntarism, planning, and the state$ethe American planning experience, 1914-1946$fedited by Jerold E. Brown and Patrick D. Reagan$gforeword by Ellis W. Hawley 210 $aNew York$cGreenwood Press$d1988 215 $aXIX, 168 p.$d24 cm 225 1 $aContributions in American history 702 1$aHawley,$bEllis W. 702 1$aReagan,$bPatrick 702 1$aBrown,$bJerold E. 801 0$aIT$bUNINA$gRICA$2UNIMARC 901 $aBK 912 $a990009269150403321 952 $aN04.302$b4246$fDECTS 959 $aDECTS 996 $aVoluntarism, planning, and the state$9773426 997 $aUNINA LEADER 01241nam0-22003971i-450- 001 990005525360203316 005 20050704120000.0 035 $a000552536 035 $aUSA01000552536 035 $a(ALEPH)000552536USA01 035 $a000552536 100 $a20050704d2004-------|0itac50------ba 101 $aita 102 $aIT 105 $a|||| ||||| 200 1 $aEconomia regionale$elocalizzazione, crescita regionale e sviluppo locale$fRoberta Capello 210 $aBologna$cIl mulino$dc.2004 215 $a363 p.$d24 cm. 606 $aEconomia regionale$2FI 620 $dBologna 676 $a330.91$cGeografia (Geografia econonica)$v21 700 1$aCAPELLO,$bRoberta$039438 801 $aIT$bSOL$c20120104 912 $a990005525360203316 950 $aDIP.TO SCIENZE ECONOMICHE - (SA)$dDS 300 330.91 CAP$eDSE67 DISES 950 $aDIP.TO SCIENZE ECONOMICHE - (SA)$dDS 300 330.91 CAP$e12265 DISES 951 $a300 330.91 CAP$b12265 DISES 951 $a300 330.91 CAP$b67 DISES 959 $aBK 969 $aDISES 979 $c20121027$lUSA01$h1532 979 $c20121027$lUSA01$h1613 979 $aPATRY$b90$c20130312$lUSA01$h1700 996 $aEconomia regionale$938139 997 $aUNISA NUM $aUSA14195